Plan de continuidad de negocios
La investigación presenta un plan de continuidad de negocios que permite a las empresas garantizar la continuidad de la actividad frente a una crisis, aumentando las posibilidades de supervivencia en la compañía es necesario realizar un análisis de su tecnología de información así como de sus...
| Main Author: | |
|---|---|
| Other Authors: | |
| Format: | Tesis Section = Libro |
| Language: | Undetermined Spanish |
| Published: |
Managua
UNI
2013
|
| Subjects: |
| LEADER | 01162nam a2200253Ia 4500 | ||
|---|---|---|---|
| 008 | 240830s9999 xx 000 0 und d | ||
| 040 | |a BIBLIOTECA-RUPAP M.Mon 303.4833 A679 | ||
| 041 | |a spa | ||
| 082 | |a M.Mon 303.4833 A679 | ||
| 100 | 1 | |a Arellano Sandino, Alejandro Martín | |
| 245 | 1 | 0 | |a Plan de continuidad de negocios |
| 260 | |a Managua |b UNI |c 2013 | ||
| 300 | |a 101 p. :il. | ||
| 500 | |a Contiene: anexos y glosarios. | ||
| 502 | |a Tesis (Máster en Informática Empresarial)- UNI, 2013. | ||
| 520 | 3 | |a La investigación presenta un plan de continuidad de negocios que permite a las empresas garantizar la continuidad de la actividad frente a una crisis, aumentando las posibilidades de supervivencia en la compañía es necesario realizar un análisis de su tecnología de información así como de sus principales procesos de negocios. | |
| 650 | 7 | |a TECNOLOGIA DE LA INFORMACION - COMUNICACION | |
| 650 | 7 | |b ANALISIS DE SISTEMAS DE INFORMACION INSTITTUCIONAL | |
| 650 | 7 | |c PLAN OPERATIVO EMPRESARIAL | |
| 650 | 7 | |d PROCESOS OPERATIVOS - CLIENTES | |
| 700 | 1 | |a Tutor: |b Pérez Armayor, Dania | |
| 942 | |c BK |2 ddc | ||
| 991 | |a TESIS | ||
| 999 | |c 15184 | ||